Statistics for Common Geography on a Map

Click here to take the quiz!

General Stats

  • This quiz has been taken 72,081 times
  • The average score is 163 of 200

Answers on the Map

Answers color-coded by a green-red scale on the quiz's map according to % correct below.
 

Answer Stats

TypeAnswer% Correct
CountryRussia
97%
CountryBrazil
96%
LanguageGerman
96%
CountryMexico
96%
Capital CityMexico City
96%
CountryUnited States
96%
CountryAustralia
95%
ContinentAustralia and Oceania
95%
CountryCanada
95%
CountryChina
95%
CountryFrance
95%
CountryUnited Kingdom
95%
CurrencyEuro
94%
CountryIndia
94%
CountrySpain
94%
CountryArgentina
93%
CountryChile
93%
CountryDenmark
93%
CountryIceland
93%
CountryJapan
93%
CountryNorway
93%
CountryPortugal
93%
CountrySweden
93%
SubdivisionWashington
93%
Capital CityWashington, D.C.
93%
SubdivisionAlaska
92%
CountryFinland
92%
LanguageFrench
92%
CountryIreland
92%
CountryItaly
92%
Capital CityLondon
92%
SubdivisionNew York
92%
CityNew York City
92%
CountrySouth Africa
92%
SubdivisionTexas
92%
SubdivisionCalifornia
91%
CountryEgypt
91%
ContinentEurope
91%
CountryGermany
91%
CountryMadagascar
91%
CountryMongolia
91%
CountryNew Zealand
91%
CountryPeru
91%
Capital CityRome
91%
CountrySouth Korea
91%
CountryTurkey
91%
CountryColombia
90%
SubdivisionFlorida
90%
CountryIndonesia
90%
CountryIran
90%
Capital CityMadrid
90%
CountryNorth Korea
90%
CountryPoland
90%
CountrySaudi Arabia
90%
LanguageSpanish
90%
CountryUkraine
90%
CountryBolivia
89%
CountryGreece
89%
CountryIraq
89%
CountryMorocco
89%
Capital CityTokyo
89%
CountryUruguay
89%
ContinentAfrica
88%
CountryAlgeria
88%
ContinentAsia
88%
CountryAustria
88%
CurrencyDollar
88%
CountryKazakhstan
88%
CountryOman
88%
CountryPakistan
88%
CountryParaguay
88%
CountryThailand
88%
CountryVenezuela
88%
CountryYemen
88%
CountryBelgium
87%
CountryCuba
87%
CountryD. R. Congo
87%
LanguageEnglish
87%
CityLos Angeles
87%
Capital CityMoscow
87%
ContinentNorth America
87%
ContinentSouth America
87%
CountrySwitzerland
87%
CountryVietnam
87%
CountryAfghanistan
86%
Capital CityBerlin
86%
CountryEstonia
86%
CountryLatvia
86%
CountryNepal
86%
CountryNetherlands
86%
CountryNiger
86%
RiverNile
86%
DesertSahara
86%
CitySydney
86%
CountryUnited Arab Emirates
86%
Capital CityDublin
85%
Capital CityLisbon
85%
CountryLithuania
85%
CountryPapua New Guinea
85%
Capital CityParis
85%
LanguageRussian
85%
CountrySudan
85%
ContinentAntarctica
84%
CountryMalaysia
84%
CountryNigeria
84%
Capital CityOslo
84%
CurrencyPound
84%
CountryRep. of the Congo
84%
CityRio de Janeiro
84%
Capital CitySeoul
84%
CountrySyria
84%
Capital CityAthens
83%
LanguageMandarin
83%
CityMiami
83%
LanguagePortuguese
83%
CountryCzech Republic
82%
Capital CityNew Delhi
82%
SubdivisionNew Mexico
82%
CountryPanama
82%
CountryUzbekistan
82%
Capital CityBeijing
81%
Former CountrySoviet Union
81%
CountryTurkmenistan
81%
Capital CityAmsterdam
80%
CityBarcelona
80%
CountryHonduras
80%
CityKyiv
80%
CitySan Francisco
80%
Capital CityStockholm
80%
Capital CityBrasilia
79%
MountainEverest
79%
CityIstanbul
79%
Capital CityWarsaw
79%
CountryZimbabwe
79%
CountryHaiti
78%
Capital CityHelsinki
78%
CountryIsrael
78%
SubdivisionScotland
78%
RiverAmazon
77%
Capital CityBuenos Aires
77%
SubdivisionEngland
77%
SubdivisionWales
77%
CountryZambia
77%
Capital CityCairo
76%
CityChicago
76%
Capital CityReykjavik
76%
SubdivisionAlabama
75%
CityLas Vegas
75%
Capital CityLima
75%
CitySaint Petersburg
75%
CitySeattle
75%
Capital CityBangkok
74%
OrganizationEuropean Union
74%
CityHouston
74%
CityManchester
74%
SubdivisionNorthern Ireland
74%
Capital CityCanberra
73%
Capital CityCopenhagen
73%
CityDallas
73%
CountryLuxembourg
73%
CityMilan
73%
Capital CityVienna
73%
SubdivisionQuebec
72%
SubdivisionTasmania
72%
OrganizationUnited Nations
72%
LandmarkEiffel Tower
71%
Capital CityJakarta
71%
CountryJamaica
71%
CityShanghai
71%
Capital CityWellington
71%
CityBoston
70%
CityEdinburgh
70%
CityMunich
70%
SubdivisionPennsylvania
69%
CityVenice
69%
CityNaples
68%
CitySan Diego
68%
Capital CityOttawa
67%
CountryVatican City
67%
SubdivisionOntario
66%
CountryFiji
65%
LandmarkPyramids
65%
Capital CityAlgiers
64%
CityLiverpool
64%
CityAtlanta
63%
CityDetroit
63%
CityFrankfurt
62%
CityHamburg
62%
LandmarkTaj Mahal
61%
SubdivisionHawaii
60%
CityPhiladelphia
60%
CitySacramento
59%
LandmarkStatue of Liberty
58%
CurrencyPeso
55%
LanguageLatin
54%
LandmarkNiagara Falls
54%
LandmarkStonehenge
48%
Former CountryAustria-Hungary
46%
SubdivisionNorthern Territory
45%
LandmarkGreat Wall of China
37%

Score Distribution

Percentile by Number Answered

Percent of People with Each Score

Your Score History

You have not taken this quiz